Recursive programming techniques /
Guardado en:
| Autor Principal: | |
|---|---|
| Formato: | Libro |
| Idioma: | English |
| Publicado: |
Reading, Mass. :
Addison-Wesley,
c1975.
|
| Series: | The Systems programming series
|
| Materias: | |
| Etiquetas: |
Agregar Etiqueta
Sin Etiquetas, Sea el primero en etiquetar este registro!
|
| LEADER | 00696nam a2200217 a 4500 | ||
|---|---|---|---|
| 001 | MAT.inmabb005934 | ||
| 008 | 760107s1975####mau######b####001#0#eng## | ||
| 005 | 20130415163019.0 | ||
| 245 | 1 | 0 | |a Recursive programming techniques / |c William H. Burge. |
| 260 | |a Reading, Mass. : |b Addison-Wesley, |c c1975. | ||
| 300 | |a xv, 277 p. ; |c 25 cm. | ||
| 490 | 0 | |a The Systems programming series | |
| 504 | |a Incluye referencias bibliográficas e índices. | ||
| 020 | |a 0201144506 | ||
| 100 | 1 | |a Burge, William H. | |
| 650 | 0 | |a Recursive programming. | |
| 650 | 0 | |a Combinatory logic. | |
| 084 | |a 68N18 (03B40) |2 msc2000 | ||
| 010 | |a 74028812 | ||
| 040 | |a DLC |c DLC |d DLC | ||
| 859 | |h 68 |i B954 |p A-4733 |b BIB. MATEMATICA | ||
